| 000 | 00675nam a22002177a 4500 | ||
|---|---|---|---|
| 999 |
_c11301 _d11301 |
||
| 003 | AR-CdUCM | ||
| 008 | 190403b ||||| |||| 00| 0 spa d | ||
| 040 |
_aMUNICIPALIDAD PROVINCIAL DEL CUSCO _cBIBLIOTECA MUNICIPAL DEL CUSCO |
||
| 082 |
_aC / 869.56 / _bJ24T |
||
| 100 |
_aJara Eguileta, Segundo _928604 |
||
| 245 | _aTinya / | ||
| 260 |
_aCusco : _bH. G. Rozas, _c1953. |
||
| 300 |
_a139 páginas ; _c21 cm. |
||
| 500 | _aVocabulario. | ||
| 505 | _aContenido: Soldado Cutipa -- Viento -- Jaquira -- Destino -- Patrón -- Roquedal ... | ||
| 650 |
_aPoesías peruanas _91481 |
||
| 650 |
_aSiglo XX _98 |
||
| 650 |
_aCusco _9772 |
||
| 942 |
_2ddc _cLIBROS |
||
| 945 | _aachl | ||